Eastern Utah Libraries Catalog: Duchesne, Heber, Roosevelt, & Vernal

James Bond : Casino Royale (Record no. 46052)

MARC details
000 -LEADER
fixed length control field 06386cgm a2201105Ia 4500
001 - CONTROL NUMBER
control field ocm77122177
003 - CONTROL NUMBER IDENTIFIER
control field OCoLC
005 - DATE AND TIME OF LATEST TRANSACTION
control field 20241220120426.0
007 - PHYSICAL DESCRIPTION FIXED FIELD--GENERAL INFORMATION
fixed length control field vd cvaizq
008 - FIXED-LENGTH DATA ELEMENTS--GENERAL INFORMATION
fixed length control field 061220s2007 cau144 g vleng d
020 ## - INTERNATIONAL STANDARD BOOK NUMBER
International Standard Book Number 9781424818549
020 ## - INTERNATIONAL STANDARD BOOK NUMBER
International Standard Book Number 1424818540
024 1# - OTHER STANDARD IDENTIFIER
Standard number or code 043396151901
028 41 - PUBLISHER NUMBER
Publisher number 15190
Source Sony Pictures Home Entertainment
035 ## - SYSTEM CONTROL NUMBER
System control number (Sirsi) i9781424818549
035 ## - SYSTEM CONTROL NUMBER
System control number (OCoLC)77122177
037 ## - SOURCE OF ACQUISITION
Source of stock number/acquisition Midwest Tape
Note http://www.midwesttapes.com
040 ## - CATALOGING SOURCE
Original cataloging agency TEFMT
Transcribing agency TEFMT
Modifying agency TEF
-- MNL
-- UINTA
Description conventions rda
041 1# - LANGUAGE CODE
Language code of text/sound track or separate title eng
-- fre
-- spa
Language code of summary or abstract/overprinted title or subtitle eng
-- fre
-- spa
Language code of original and/or intermediate translations of text eng
043 ## - GEOGRAPHIC AREA CODE
Geographic area code e-uk-en
-- f-ug---
-- nwbf---
-- e-yu---
049 ## - LOCAL HOLDINGS (OCLC)
Holding library UCLB
050 14 - LIBRARY OF CONGRESS CALL NUMBER
Classification number PN1995.9.J3
Item number C37566 2007
082 04 - DEWEY DECIMAL CLASSIFICATION NUMBER
Classification number 791.43/72
Edition number 22
092 ## - LOCALLY ASSIGNED DEWEY CALL NUMBER (OCLC)
Classification number 791.437
130 0# - MAIN ENTRY--UNIFORM TITLE
Uniform title James Bonds,Casino Royale (Motion picture : 2006)
9 (RLIN) 5726909
245 10 - TITLE STATEMENT
Title James Bond : Casino Royale
Medium [videorecording] /
Statement of responsibility, etc Metro-Goldwyn-Mayer ; Columbia Pictures ; Albert R. Broccoli's Eon Productions Limited ; Danjaq LLC. ; Babelsberg Film GmbH ; Stillking Films ; United Artists ; produced by Barbara Broccoli, Michael G. Wilson ; screenplay by Neal Purvis & Robert Wade and Paul Haggis ; directed by Martin Campbell.
250 ## - EDITION STATEMENT
Edition statement 2 disc Full screen ed.
260 ## - PUBLICATION, DISTRIBUTION, ETC. (IMPRINT)
Place of publication, distribution, etc Culver City, Calif. :
Name of publisher, distributor, etc Sony Pictures Home Entertainment,
Date of publication, distribution, etc [2007]
264 ## - Production, Publication, Distribution, Manufacture, and Copyright Notice.
Place of production, publication, distribution, manufacture Culver City, Calif. :
Name of producer, publisher, distributor, manufacturer Sony Pictures Home Entertainment,
Date of production, publication, distribution, manufacture, or copyr [2007]
300 ## - PHYSICAL DESCRIPTION
Extent 2 videodiscs (144 min.) :
Other physical details sd., col. ;
Dimensions 4 3/4 in.
336 ## - Content Type
Content type term two-dimensional moving image
337 ## - Media type
Media type term video
338 ## - Carrier type
Carrier type term videodisc
500 ## - GENERAL NOTE
General note Based on the novel by Ian Fleming.
500 ## - GENERAL NOTE
General note Originally released as a motion picture in 2006.
506 ## - RESTRICTIONS ON ACCESS NOTE
Terms governing access For private home use only.
508 ## - CREATION/PRODUCTION CREDITS NOTE
Creation/production credits note Director of photography, Phil Méheux ; editor, Stuart Baird ; music, David Arnold ; James Bond theme, Monty Norman ; costume designer, Lindy Hemming ; production designer, Peter Lamont ; special effects supervisor, Chris Corbould ; visual effect supervisors, Angela Barson, Val Wardlaw.
511 1# - PARTICIPANT OR PERFORMER NOTE
Participant or performer note Daniel Craig, Eva Green, Mads Mikkelsen, Judi Dench, Jeffrey Wright, Giancarlo Giannini, Caterina Murino, Simon Abkarian, Isaach De Bankolé, Jesper Christensen, Ivana Milicevic.
520 ## - SUMMARY, ETC.
Summary, etc With two professional assassinations in quick succession, James Bond is quickly elevated to '00' status. Bond's first 007 mission takes him to Uganda where he is to spy on a terrorist, Mollaka. Not everything goes to plan and Bond decides to investigate, independently of MI6, in order to track down the rest of the terrorist cell. Following a lead to the Bahamas, he encounters Dimitrios and his girlfriend, Solange. He learns that Dimitrios is involved with Le Chiffre, banker to the world's terrorist organizations. Intelligence reveals that Le Chiffre is planning to raise money in a high-stakes poker game in Montenegro at Le Casino Royale. MI6 assigns 007 to play against him, knowing that if Le Chiffre loses, it will destroy his organization. 'M' places Bond under the watchful eye of the beguiling Vesper Lynd. At first skeptical of what value Vesper can provide, Bond's interest in her deepens as they brave danger together and even torture at the hands of Le Chiffre. The marathon game proceeds with dirty tricks and violence, raising the stakes beyond blood money and reaching a terrifying climax.
521 8# - TARGET AUDIENCE NOTE
Target audience note MPAA rating: PG-13; for intense sequences of violent action, a scene of torture, sexual content and nudity.
538 ## - SYSTEM DETAILS NOTE
System details note DVD; region 1; full screen (1.33:1) presentation.
546 ## - LANGUAGE NOTE
Language note Close-captioned; dialogue in English (5.1 Dolby Digital), French (Dolby Surround) or Spanish (5.1 Dolby Surround) with optional subtitles in English, French or Spanish.
610 10 - SUBJECT ADDED ENTRY--CORPORATE NAME
Corporate name or jurisdiction name as entry element Great Britain.
Subordinate unit MI6
Form subdivision Drama.
9 (RLIN) 5726910
610 17 - SUBJECT ADDED ENTRY--CORPORATE NAME
Corporate name or jurisdiction name as entry element Gran Bretaña.
Subordinate unit MI6
Form subdivision Teatro.
Source of heading or term bidex
9 (RLIN) 5726911
610 14 - SUBJECT ADDED ENTRY--CORPORATE NAME
Corporate name or jurisdiction name as entry element Great Britain.
Subordinate unit MI6
Form subdivision Drama.
9 (RLIN) 5726910
650 #0 - SUBJECT ADDED ENTRY--TOPICAL TERM
Topical term or geographic name as entry element Bond, James (Fictitious character)
Form subdivision Drama.
9 (RLIN) 5726912
650 #0 - SUBJECT ADDED ENTRY--TOPICAL TERM
Topical term or geographic name as entry element Poker
General subdivision Tournaments
Geographic subdivision Montenegro
Form subdivision Drama.
9 (RLIN) 5726913
650 #0 - SUBJECT ADDED ENTRY--TOPICAL TERM
Topical term or geographic name as entry element Terrorists
Form subdivision Drama.
9 (RLIN) 5675800
650 #0 - SUBJECT ADDED ENTRY--TOPICAL TERM
Topical term or geographic name as entry element Criminal behavior
Form subdivision Drama.
9 (RLIN) 5678593
650 #0 - SUBJECT ADDED ENTRY--TOPICAL TERM
Topical term or geographic name as entry element Man-woman relationships
Form subdivision Drama.
9 (RLIN) 5673977
650 #7 - SUBJECT ADDED ENTRY--TOPICAL TERM
Topical term or geographic name as entry element Póker
General subdivision Torneos
Geographic subdivision Montenegro
Form subdivision Teatro.
Source of heading or term bidex
9 (RLIN) 5726914
650 #4 - SUBJECT ADDED ENTRY--TOPICAL TERM
Topical term or geographic name as entry element Bond, James (Fictitious character)
Form subdivision Drama.
9 (RLIN) 5726912
650 #4 - SUBJECT ADDED ENTRY--TOPICAL TERM
Topical term or geographic name as entry element Poker
General subdivision Tournaments
Geographic subdivision Montenegro
Form subdivision Drama.
9 (RLIN) 5726913
650 #4 - SUBJECT ADDED ENTRY--TOPICAL TERM
Topical term or geographic name as entry element Terrorists
Form subdivision Drama.
9 (RLIN) 5675800
650 #4 - SUBJECT ADDED ENTRY--TOPICAL TERM
Topical term or geographic name as entry element Criminal psychology
Form subdivision Drama.
9 (RLIN) 5726915
650 #4 - SUBJECT ADDED ENTRY--TOPICAL TERM
Topical term or geographic name as entry element Man-woman relationship
Form subdivision Drama.
9 (RLIN) 5709377
655 #0 - INDEX TERM--GENRE/FORM
Genre/form data or focus term Feature films.
9 (RLIN) 6171587
655 #0 - INDEX TERM--GENRE/FORM
Genre/form data or focus term James Bond films.
9 (RLIN) 5726916
655 #0 - INDEX TERM--GENRE/FORM
Genre/form data or focus term Action and adventure films.
9 (RLIN) 5674017
655 #7 - INDEX TERM--GENRE/FORM
Genre/form data or focus term Thrillers (Motion pictures, television, etc.)
Source of term local
9 (RLIN) 5692404
655 #7 - INDEX TERM--GENRE/FORM
Genre/form data or focus term Adventure
Form subdivision Feature.
Source of term local
9 (RLIN) 5692407
655 #7 - INDEX TERM--GENRE/FORM
Genre/form data or focus term Thriller
Form subdivision Feature.
Source of term local
9 (RLIN) 5692409
655 #0 - INDEX TERM--GENRE/FORM
Genre/form data or focus term Thrillers (Motion pictures, television, etc.)
9 (RLIN) 5692404
655 #7 - INDEX TERM--GENRE/FORM
Genre/form data or focus term Videorecordings for the hearing impaired.
Source of term local
9 (RLIN) 5692660
655 #7 - INDEX TERM--GENRE/FORM
Genre/form data or focus term Videodiscs.
Source of term local
9 (RLIN) 5674338
655 #7 - INDEX TERM--GENRE/FORM
Genre/form data or focus term DVD-Video discs.
Source of term local
9 (RLIN) 5673658
700 1# - ADDED ENTRY--PERSONAL NAME
Personal name Craig, Daniel,
Dates associated with a name 1968-
9 (RLIN) 64203
700 1# - ADDED ENTRY--PERSONAL NAME
Personal name Broccoli, Barbara,
Dates associated with a name 1960-
9 (RLIN) 68877
700 1# - ADDED ENTRY--PERSONAL NAME
Personal name Wilson, Michael G.,
Dates associated with a name 1942-
9 (RLIN) 39495
700 1# - ADDED ENTRY--PERSONAL NAME
Personal name Purvis, Neal.
9 (RLIN) 65008
700 1# - ADDED ENTRY--PERSONAL NAME
Personal name Wade, Robert,
Dates associated with a name 1961-
9 (RLIN) 57427
700 1# - ADDED ENTRY--PERSONAL NAME
Personal name Haggis, Paul.
9 (RLIN) 71075
700 1# - ADDED ENTRY--PERSONAL NAME
Personal name Campbell, Martin.
9 (RLIN) 66073
700 1# - ADDED ENTRY--PERSONAL NAME
Personal name Green, Eva,
Dates associated with a name 1980-
9 (RLIN) 71275
700 1# - ADDED ENTRY--PERSONAL NAME
Personal name Mikkelsen, Mads,
Dates associated with a name 1965-
9 (RLIN) 71433
700 1# - ADDED ENTRY--PERSONAL NAME
Personal name Dench, Judi,
Dates associated with a name 1934-
9 (RLIN) 29157
700 1# - ADDED ENTRY--PERSONAL NAME
Personal name Wright, Jeffrey.
9 (RLIN) 66231
700 1# - ADDED ENTRY--PERSONAL NAME
Personal name Giannini, Giancarlo.
9 (RLIN) 61928
700 1# - ADDED ENTRY--PERSONAL NAME
Personal name Murino, Caterina,
Dates associated with a name 1974-
9 (RLIN) 73850
700 1# - ADDED ENTRY--PERSONAL NAME
Personal name Abkarian, Simon.
9 (RLIN) 46583
700 1# - ADDED ENTRY--PERSONAL NAME
Personal name Bankolé, Isaach de.
9 (RLIN) 76406
700 1# - ADDED ENTRY--PERSONAL NAME
Personal name Christensen, Jesper,
Dates associated with a name 1948-
9 (RLIN) 70323
700 1# - ADDED ENTRY--PERSONAL NAME
Personal name Milicevic, Ivana,
Dates associated with a name 1974-
9 (RLIN) 74008
700 1# - ADDED ENTRY--PERSONAL NAME
Personal name Norman, Monty.
9 (RLIN) 35858
700 1# - ADDED ENTRY--PERSONAL NAME
Personal name Fleming, Ian,
Dates associated with a name 1908-1964.
Title of a work Casino Royale.
9 (RLIN) 5726917
710 2# - ADDED ENTRY--CORPORATE NAME
Corporate name or jurisdiction name as entry element Metro-Goldwyn-Mayer Pictures.
9 (RLIN) 72991
710 2# - ADDED ENTRY--CORPORATE NAME
Corporate name or jurisdiction name as entry element Columbia Pictures.
9 (RLIN) 23896
710 2# - ADDED ENTRY--CORPORATE NAME
Corporate name or jurisdiction name as entry element Eon Productions (Firm)
9 (RLIN) 5726918
710 2# - ADDED ENTRY--CORPORATE NAME
Corporate name or jurisdiction name as entry element Danjaq LLC.
9 (RLIN) 5726919
710 2# - ADDED ENTRY--CORPORATE NAME
Corporate name or jurisdiction name as entry element Babelsberg International Filmproduktion.
9 (RLIN) 66051
710 2# - ADDED ENTRY--CORPORATE NAME
Corporate name or jurisdiction name as entry element Stillking Films (Firm)
9 (RLIN) 75099
710 2# - ADDED ENTRY--CORPORATE NAME
Corporate name or jurisdiction name as entry element United Artists Corporation.
9 (RLIN) 3998
710 2# - ADDED ENTRY--CORPORATE NAME
Corporate name or jurisdiction name as entry element Sony Pictures Home Entertainment (Firm)
9 (RLIN) 71947
942 ## - ADDED ENTRY ELEMENTS (KOHA)
Koha item type DVD
Source of classification or shelving scheme Dewey Decimal Classification
Holdings
Withdrawn status Lost status Source of classification or shelving scheme Materials specified (bound volume or other part) Damaged status Not for loan Collection code Home library Current library Shelving location Date acquired Source of acquisition Cost, normal purchase price Total Checkouts Total Renewals Full call number Barcode Date last seen Date checked out Cost, replacement price Price effective from Koha item type
    Dewey Decimal Classification .CIRCNOTE. 2 discs     Movies Wasatch County Library Wasatch County Library Audio Visual Area 01/13/2012 Donation 16.30 98 14 DVD 007 34301001042540 07/20/2025 07/18/2025 16.30 03/20/2020 DVD
This project was made possible through a grant from the Institute of Museum and Library Service administered by the Utah State Library Division.

Wasatch County Library

  • 465 East 1200 South, Heber City, Utah 84032
  • Phone 435-654-1511 | Fax 435-654-6456

Hours

  • Monday - Friday 9:30 AM - 8:00 PM
  • Saturday 9:30 AM - 1:30 PM
  • Closed Sundays and Holidays